000 00523nam a2200169 4500
001 43798
090 _a43798
100 _a20241105 pory50
101 _apor
_aing
102 _aPT
200 _aSugar Spice Ingénuas e perigosas
_fRealiz. Francine McDougal
_garg. Mandy Nelson
_gAct.s Marla Sokoloff , Marley Shelton , Melissa George , Mena Suvari , ... [et al.]
210 _a[S.l.]
_cPrisvideo
_d[d. reg. 2001]
215 _a1 DVD
300 _a78 min. M/12
675 _a82-312.4
801 _aPT
_gRPC
990 _cFILMES DVD